Flora ilustrada de San Andrés y Providencia (Registro nro. 311)

Detalles MARC
000 -CABECERA
Campo de control 00905nam a2200277 a 4500
005 - FECHA Y HORA DE LA ULTIMA TRANSACCION
Campo de control 20150925154047.0
008 - ELEMENTOS DE LONGITUD FIJA—INFORMACION GENERAL
Campo de control 140220b1995 ck ||||| |||| 00| 0 spa d
020 ## - ISBN
ISBN 958150065
040 ## - FUENTE DE CATALOGACIÓN
Agencia catalogadora original CO-BoIAVH
Agencia transcriptora CO-BoIAVH
041 ## - IDIOMA
Código de idioma para texto/pista de sonido o título separado Español
044 ## - PAÍS DE PUBLICACIÓN
País de publicación Colombia
082 ## - NUMERO DE CLASIFICACION DECIMAL DEWEY
Número de clasificación 580.7
Número del ítem G64f
100 ## - ASIENTO PRINCIPAL--NOMBRE PERSONAL
Nombre personal González Garavito, Favio Antonio
245 ## - MENCION DE TITULO
Título Flora ilustrada de San Andrés y Providencia
246 ## - FORMA VARIANTE DEL TITULO
Título propiamente dicho/forma breve del título illustrated flora of San Andres and Providencia
Parte restante del título with special reference to useful plants
260 ## - PUBLICACION, DISTRIBUCION, ETC. (PIE DE IMPRENTA)
Lugar de publicación, distribución, etc. Bogotá
Nombre del editor, distribuidor, etc. SENA
-- ICN
Fecha de publicación, distribución, etc. 1995
300 ## - DESCRIPCION FISICA
Extensión 280 p.
650 ## - ASIENTO SECUNDARIO DE MATERIA - TERMINO TEMATICO
Término temático o nombre geográfico como elemento de entrada Flora
650 ## - ASIENTO SECUNDARIO DE MATERIA - TERMINO TEMATICO
Término temático o nombre geográfico como elemento de entrada Inventarios floristicos
650 ## - ASIENTO SECUNDARIO DE MATERIA - TERMINO TEMATICO
Término temático o nombre geográfico como elemento de entrada Plantas útiles
650 ## - ASIENTO SECUNDARIO DE MATERIA - TERMINO TEMATICO
Término temático o nombre geográfico como elemento de entrada Guía de campo
662 ## - ASIENTO SECUNDARIO DE MATERIA - JERARQUIA DEL NOMBRE DE LUGAR(
País o entidad mayor Colombia
Jurisdicción política intermedia Archipiélago de San Andrés, Providencia y Santa Catalina (Caribe)
700 ## - ASIENTO SECUNDARIO - NOMBRE PERSONAL
Nombre personal Díaz, John Nelson
700 ## - ASIENTO SECUNDARIO - NOMBRE PERSONAL
Nombre personal Ceron, Petter Lowy
942 ## - ELEMENTOS ADICIONALES (KOHA)
Tipo de ítem Libro
Koha issues (borrowed), all copies 2
Sistema de clasificación Local
Existencias
Withdrawn status Lost status Sistema de Clasificación Damaged status No para préstamo Colección Inventariado Ubicación Permanente Ubicación actual Fecha de adquisición Fuente de Valor Valor Total Checkouts Número topográfico Inventario / Código de Barras Date last seen Date checked out Ejemplar Price effective from Forma de adquisición Tipo de material
    Local     General Inventariado 2017 Bogotá Bogotá 29/12/1997 Instituto 39000.00   LB-580.7 G64f 000409 04/12/2012   Ej. 3 04/12/2012   Libro
    Dewey Decimal Classification     General Inventariado 2017 Bogotá Bogotá 21/09/2015 Instituto 39000.00   LB-580.7 G64f 000410 04/12/2012   Ej. 1 04/12/2012   Libro
    Local     Botánica Inventariado 2017 Villa de Leyva Villa de Leyva 29/12/1997 Instituto 39000.00 2 LB-00291 000408 21/09/2015 31/08/2015 Ej. 1 04/12/2012   Libro